000 00683nam a22002177a 4500
005 20251108174833.0
008 250721s2009 xx 000 0 ara d
082 1 4 _a708.02/حسن
100 1 _aإيناس، حسني
245 1 0 _aالتلامس الحضاري الإسلامي _الأوروبي /
264 1 _aالكويت :
_bالمجلس الوطني للثقافة والفنون،
_c2009.
300 _a295ص.
490 0 _aعالم المعرفة
650 1 7 _aالاسلام
650 1 7 _aاوروبا
650 1 7 _aالحضارة
650 1 7 _aالتفاعل الثقافي
650 1 7 _aالفنون الاسلامية
942 _2ddc
_cBK
999 _c119366
_d119366